000 00864cab a2200289 4500
001 WB3108-04
008 090401t1995 xxu||||| |||| 00| 0 eng d
035 _a(Sirsi) u9445
041 _aeng
245 _aSite safety role
260 _c1995
350 _a0
490 _aBuilding
_v260(7881) 24 February 1995, 12(1)
520 _aConsultants and contractors are preparing for the new role of planning supervisors created by the introduction of the CONDAM regulations.
650 _aBOVIS
650 _aBUCKNALL AUSTIN
650 _aCONDAM
650 _aCONSTRUCTION (DESIGN AND MANAGEMENT) REGULATIONS 1994
650 _aDY DAVIES
650 _aOSPREY PROJECT MANAGEMENT
650 _aPLANNING SUPERVISORS
650 _aSCHAL
650 _aSITE SAFETY
690 _aBUILT ENVIRONMENT-BUILDING STANDARDS
942 _n0
948 _c04/03/1997
999 _c5902
_d5902